Vệ sinh môi trường

Wedi'i Gadw mewn:
Manylion Llyfryddiaeth
Prif Awdur: Phạm Ngọc Quế
Fformat: Llyfr
Iaith:Undetermined
Cyhoeddwyd: H. Nông Nghiệp 2003
Pynciau:
Tagiau: Ychwanegu Tag
Dim Tagiau, Byddwch y cyntaf i dagio'r cofnod hwn!
Thư viện lưu trữ: Trung tâm Học liệu Trường Đại học Cần Thơ
LEADER 00573nam a2200205Ia 4500
001 CTU_59294
008 210402s9999 xx 000 0 und d
020 |b 10500 
082 |a 628.7 
082 |b Qu250 
100 |a Phạm Ngọc Quế 
245 0 |a Vệ sinh môi trường 
245 0 |c Phạm Ngọc Quế 
260 |a H. 
260 |b Nông Nghiệp 
260 |c 2003 
650 |a sanitation, rural,agriculture,environmental health 
650 |x environmental aspects 
904 |i Minh 
980 |a Trung tâm Học liệu Trường Đại học Cần Thơ